Loading...
| Current Events | 1 | 20.00 | 100% | 100% | 0% |
| Fine Arts - Classical Music | 7 | 7.14 | 57% | 14% | 0% |
| Fine Arts - Other | 2 | 15.00 | 50% | 100% | 0% |
| Fine Arts - Painting and Sculpture | 4 | 7.50 | 75% | 0% | 0% |
| Geography | 1 | 10.00 | 100% | 0% | 0% |
| History - American | 2 | 10.00 | 100% | 0% | 0% |
| History - European | 1 | 10.00 | 100% | 0% | 0% |
| History - Other | 2 | 10.00 | 50% | 50% | 0% |
| History - World | 3 | 13.33 | 100% | 33% | 0% |
| Literature - American | 3 | 10.00 | 67% | 33% | 0% |
| Literature - British | 1 | 10.00 | 100% | 0% | 0% |
| Literature - European | 5 | 14.00 | 100% | 20% | 20% |
| Literature - World | 1 | 10.00 | 100% | 0% | 0% |
| Mythology | 7 | 14.29 | 100% | 29% | 14% |
| Philosophy | 2 | 10.00 | 100% | 0% | 0% |
| Religion | 2 | 15.00 | 100% | 50% | 0% |
| Science - Biology | 3 | 13.33 | 67% | 67% | 0% |
| Science - Chemistry | 3 | 13.33 | 100% | 33% | 0% |
| Science - Other | 3 | 16.67 | 100% | 33% | 33% |
| Science - Physics | 2 | 0.00 | 0% | 0% | 0% |
| Social Science | 4 | 12.50 | 50% | 50% | 25% |